Termosenzitívne blokové kopolyméry na báze poly(2-oxazolínov) pre kontrolované uvoľňovanie liečiv

Saved in:
Bibliographic Details
Main Author: Majerčíková, Monika (Author)
Other Authors: Zahoranová, Anna (Thesis advisor)
Format: Manuscript Book
Language:Slovak
Published: 2018
Subjects:
Online Access:http://is.stuba.sk/zp/portal_zp.pl?podrobnosti=136335
Tags: Add Tag
No Tags, Be the first to tag this record!

MARC

LEADER 00000ntm a22000003a 4500
001 stuzp69134
003 SK-STU
005 20180602210951.1
007 ta
008 150427s2015----xo-----f-mn---000-0-slo-d
040 |a STU  |b slo 
041 0 |a slo 
100 1 |a Majerčíková, Monika  |u 049370  |4 aut  |U FCHPT Ústav prírodných a syntetických polymérov  |T FCHPT Oddelenie plastov, kaučuku a vlákien  |X 60984  |U C9370  |Y 128  |7 60984 
242 0 1 |a Thermoresponsive block copolymers based on poly(2-oxazoline) for controlled drug delivery  |y eng 
245 1 0 |a Termosenzitívne blokové kopolyméry na báze poly(2-oxazolínov) pre kontrolované uvoľňovanie liečiv 
260 |c 2018 
650 4 |a termosenzitivita  |2 slo 
650 4 |a poly(2-oxazolíny)  |2 slo 
650 4 |a uvoľňovanie liečiva  |2 slo 
650 4 |a poly(2-oxazoline)  |2 eng 
650 4 |a thermosensitivity  |2 eng 
650 4 |a drug release  |2 eng 
700 1 |a Zahoranová, Anna  |4 ths  |X 57617  |7 57617 
856 4 |u http://is.stuba.sk/zp/portal_zp.pl?podrobnosti=136335